000 01097cam a2200253 4500
008 040913t2013 000 0 eng u
041 _aeng
110 2 _aRoyal Institution of Chartered Surveyors
_94900
245 0 0 _aDecision Making By Australian Property Funds
_h[electronic resource]
260 _aLondon
_bRICS
_c2013
300 _a32p.
490 0 _aRICS Research
520 _aThis research report investigates how unlisted property fund managers should and how they do make property investment decisions, finding around 70% similarity together with insights into the role of risk-return and behavioural influences in the property investment decision making process
650 2 4 _aPROPERTY INVESTMENT
651 4 _aAustralia
690 _aInvestments
_96250
700 1 _aParker, David
700 1 _aEriksson, Clare
700 1 _aRowlands, James
700 1 _aJohal, Amanprit
700 1 _aFielder, Auriel
856 4 8 _uhttp://www.propertyresearchtrust.org/uploads/1/3/4/8/134819607/australia_property_funds.pdf
_zAvailable from the Property Research Trust
942 _n0
_2ddc
999 _c121755
_d121755